000
00334nam a2200133Ia 4500
008
240624s9999 xx 000 0 und d
041
_a
eng
082
_a
658.3 RAO
100
_a
RAO P L
245
_a
COMPREHENSIVE HUMAN RESOURCE MANAGEMENT
260
_c
2004
_a
New Delhi
_b
Excel Books
300
_a
xvi, : 556 : cm. ; 24
365
_c
RS
999
_c
2381
_d
2381